000 01210nam a2200289Ia 4500
999 _c5436
_d5436
003 OSt
005 20200605112242.0
008 191128s1977 mx ad gr 000 0dspa d
040 _aCO-JMCR
_cCO-JMCR
041 1 _aspa
_heng
082 0 4 _a330.1 /
_bF352t
_223
100 1 _aFerguson, C. E.,
_eautor
_94979
245 1 0 _aTeoría microeconómica /
_cC. E. Ferguson ; traducción de Eduardo L. Suárez
250 _aPrimer edición
260 _aMéxico :
_bFondo de Cultura Económica, impresión,
_c1977
300 _a456 páginas :
_b gráficos a blanco y negro ;
_c22 cm.
490 0 _aSección de obras de economía
500 _aExlibris: Últimas páginas deterioradas.
505 _aTeoría de la conducta del consumidor y de la demanda -- Teoría de la producción y el costo -- La teoría de la empresa y la organización del mercado -- La teoría de la distribución -- La teoría del equilibrio general y el bienestar económico
534 _pMicroeconomic theory
546 _aTraducido del inglés
650 1 4 _aMicroeconomía
_94980
650 2 4 _aTeoría económica
_94981
650 2 4 _aMercado Demanda
_94982
700 1 _aSuárez, Eduardo L.,
_etraductor
_94465
942 _2ddc
_cBK